| 000 | 00542cam a2200205ua 4500 | ||
|---|---|---|---|
| 020 | _c150.00 | ||
| 041 |
_aeng _h |
||
| 082 |
_a621.815 _bSIE/MEq |
||
| 100 | _aSiegal , Martin J . | ||
| 245 |
_aMechanical design of machines / _cJ Martin Siegal. _hTextual Documents |
||
| 250 |
_a4 / _b. |
||
| 260 |
_aNew Delhi : _bC B S Publishers & Distributers , _c1986. |
||
| 300 | _a576 ; . | ||
| 365 | _a150.00 | ||
| 504 | _a | ||
| 700 | 1 | _aHartman, James B . | |
| 700 | 1 | _aMallev, Vladimir L . | |
| 942 | _cBK | ||
| 999 |
_c7574 _d7574 |
||